Disney Songs! - Statistics

General Stats
  • This quiz has been taken 676 times
  • The average score is 13 of 15
Answer Stats
Hint Answer % Correct
Let it go Frozen
99%
A Whole New World Aladdin
97%
Belle Beauty and the Beast
96%
He's a Tramp Lady and the Tramp
94%
Reflection Mulan
94%
Bare Necessities The Jungle Book
94%
Colours of the Wind Pocahontas
93%
Can You Feel The Love Tonight? The Lion King
93%
Part of your world The Little Mermaid
93%
A Dream is a wish your heart makes Cinderella
90%
Once upon a Dream Sleeping Beauty
85%
Go the distance Hercules
83%
Everybody wants to be a Cat The Aristocats
83%
Wish upon a star Pinocchio
77%
Son of Man Tarzan
66%
No matching quizzes found
Score Distribution
Percent of People with Each Score
Percentile by Number Answered
Your Score History
You have not taken this quiz